| 000 | nam a22 7a 4500 | ||
|---|---|---|---|
| 999 |
_c28586 _d28585 |
||
| 003 | OSt | ||
| 005 | 20170525212756.0 | ||
| 008 | 170525b xxu||||| |||| 00| 0 eng d | ||
| 020 | _a9780323028394 | ||
| 040 |
_aMMU _beng _cMMU _dMMU |
||
| 050 | _aRT51.P365 2006 | ||
| 245 |
_aClinical nursing skills & techniques/ _cAnne Griffin Perry...[et al.]. |
||
| 250 | _a6th ed. | ||
| 260 |
_aNew York: _bElsevier, _c2006. |
||
| 300 | _axxxii,1611p.; | ||
| 500 | _aincludes index | ||
| 650 | _aclinical nursing skills &techniques | ||
| 942 |
_2lcc _cLOAN LOAN _e6th ed. |
||